000 03201nam a2200469 a 4500
001 000103851
003 CHAP
005 20250122125526.0
007 cr ||||||a|c|a
008 110121s2010 mx r 00010 spa d
035 _a111973
040 _cCHAP
090 _aTesis
100 1 _aHernández Carrillo, Néstor.
_953884
245 1 0 _aDinámica del crecimiento y desarrollo del fruto en variedades del complejo infraespecífico de chayote Sechium edule (Jacq.) Sw.
_c/por Néstor Hernández Carrillo; director de tesis Eduardo Campos Rojas.
264 1 _aChapingo, Méx. :
_bEl autor,
_c2010.
300 _a1 recurso en línea (49 páginas):
_bcuadros, figuras.
336 _2rdacontent
_atexto
_btxt
337 _2rdamedia
_acomputadora
_bc
338 _2rdacarrier
_arecursos en línea
_bcr
502 _bIAEF
_cFitotecnia
_d2010.
_gLIC
520 _aLa familia de las cucurbitáceas agrupa a 90 géneros y 750 especies de las cuales, las de mayor importancia se concentran en 10 géneros, uno de los que más destaca es el de Chayote (Sechium edule (Jacq.) Sw.) debido a que es una hortaliza accesible para estratos sociales de bajos recursos. Es originario de Mesoamérica, donde se encuentra la mayor diversidad genética del género. A pesar de esto, no existe una norma específica de calidad para definir la cosecha del fruto de Chayote con fines de exportación ya que las existentes son ambiguas, con un sentido cualitativo lo que dificulta la aplicación de estas. Por ello el objetivo del presente trabajo fue determinar la oportunidad de cosecha de siete variedades del Complejo infraespecífico de S. edule mediante el análisis de crecimiento en términos de tamaño de fruto (diámetro longitudinal y transversal) en las condiciones ambientales de Huatusco, Veracruz. Las variedades utilizadas fueron: albus dulcis, albus levis, albus minor, nigrum conus, nigrum levis, nigrum minor y virens levis. El estudio comprendió desde la antesis hasta que el fruto alcanzó el tamaño adecuado para su comercialización y consumo. Con base en la Tasa Absoluta de Crecimiento (TAC) fueron identificados tres patrones de crecimiento del fruto en función de desarrollo; así, dos variedades fueron precoces (15 días a cosecha), cuatro intermedios (18 días a cosecha) y una tardía (23 días a cosecha).
590 _aALEPH
_b10
_c20130110
590 _aBATCH-UPD
_b10
_c20130110
590 _aBATCH-UPD
_b10
_c20130410
590 _aBATCH-UPD
_b10
_c20130914
590 _aBATCH-UPD
_b10
_c20140324
590 _aBATCH-UPD
_b10
_c20141002
590 _aCONVERSION
_b10
_c20130109
590 _aE11695DGD
_b10
_c20160506
650 1 4 _aChayote
_xCrecimiento.
_922082
650 1 4 _aChayote
_xFisiología y morfología.
_922085
650 1 4 _aDinámica.
_932626
700 1 _aCampos Rojas, Eduardo
_918135
_eDirector de tesis.
856 _uhttp://10.13.5.2/tesis/111973.pdf
_zDESCARGAR PDF
901 _aBK
942 _cTD
_2Clasificación Universidad Autónoma Chapingo
949 _aTesis
_bBC
_cTES
_d33724002228017
_eTS1
_gDonaciØn
_h51796
_i111973
_sb
949 _aTesis
_bBC
_cTES
_d33724002228058
_eTS2
_fc.2
_gDonaciØn
_h51797
_i111973
_sb
999 _c100314
_d100314